| 000 | 00772nam a22001817a 4500 | ||
|---|---|---|---|
| 999 |
_c14873 _d14873 |
||
| 003 | OSt | ||
| 082 | _2631.3 SUP/IN | ||
| 088 | _aT 394 | ||
| 100 |
_aSUPRITHA _93751 |
||
| 245 | _aInvestigations of clamping and climbing mechanisms for the design of semi autonomous areca palm climber | ||
| 260 |
_aTavanur 2017 _bKelappaji College of Agricultural Engineering and Technology |
||
| 300 | _a110 | ||
| 500 | _aInvestigations of clamping and climbing mechanisms for the design of semi autonomous areca palm climber | ||
| 520 | _aInvestigations of clamping and climbing mechanisms for the design of semi autonomous areca palm climber | ||
| 700 |
_aEr. Shivaji K.P (Guide) _93477 |
||
| 856 | _uhttps://drive.google.com/open?id=1dHuOCiLXaZYCSLe8m6K_SZUvmuka2jGA | ||
| 942 | _cTH | ||